載入...
| LEADER | 00698nam a2200145Ia 4500 | ||
|---|---|---|---|
| 001 | 59686 | ||
| 008 | 170722s9999 xx 000 0 und d | ||
| 100 | |a Balakrishnapilla, Ak | ||
| 245 | |a Puthiya Rajavum Puthiya Prajakalum / | ||
| 260 | |c 1963. | ||
| 942 | |c GEN | ||
| 999 | |c 61842 |d 61842 | ||
| 952 | |0 1 |1 0 |4 0 |6 O_3231N281X_K3K31K32KR |7 0 |9 88098 |a LIB |b LIB |d 2017-08-12 |o O32,31N281x K3-K3;1-K3;2(KR) |p 96649 |r 2017-08-12 |w 2017-08-12 |y GEN | ||
| 952 | |0 0 |1 0 |4 0 |6 O_3231N281X_K3K31K32KR |7 0 |9 88099 |a LIB |b LIB |d 2017-08-12 |o O32,31N281x K3-K3;1-K3;2(KR) |p 106550 |r 2017-08-12 |w 2017-08-12 |y GEN | ||
| 952 | |0 0 |1 0 |4 0 |6 O_3231N281X_K3K31K32KR |7 0 |9 88100 |a LIB |b LIB |d 2017-08-12 |o O32,31N281x K3-K3;1-K3;2(KR) |p 134835 |r 2017-08-12 |w 2017-08-12 |y GEN | ||